Países do G20 - Statistics

Estatísticas Gerais
  • Esse quiz foi jogado 260 vezes
  • A pontuação média é 14 de 19
Estatísticas das Respostas
Região País % Correto
América do Sul Brasil
97%
América do Norte Estados Unidos
96%
América do Norte México
94%
América do Norte Canadá
93%
Ásia Oriental China
93%
América do Sul Argentina
92%
Oceania Austrália
85%
Europa França
82%
Ásia Oriental Japão
79%
Europa Rússia
77%
Ásia Meridional Índia
76%
África África do Sul
75%
Europa Alemanha
73%
Ásia Oriental Coreia do Sul
72%
Europa Itália
72%
Europa Reino Unido
59%
Sudoeste Asiático Arábia Saudita
47%
Sudeste Asiático Indonésia
47%
Sudoeste Asiático Turquia
40%
Nenhum quiz correspondente encontrado
Distribuição das Pontuações
Porcentagem de Pessoas com Cada Pontuação
Percentil de Números Respondidos
Sua Pontuação Histórica
Você não jogou esse quiz